Statistics for Largest UK cities/towns with 2 words in it's name

Click here to take the quiz!

General Stats

  • This quiz has been taken 68 times
  • The average score is 3 of 11

Answer Stats

Town / CityPopulation% Correct
Milton Keynes229,941
73%
St. Albans82,146
37%
Hemel Hempstead94,932
33%
South Shields75,337
23%
St. Helens102,629
22%
East Kilbride75,120
20%
High Wycombe120,256
20%
West Bromwich77,997
18%
Sutton Coldfield95,107
12%
Ellesmere Port55,715
8%
Bamber Bridge67,497
2%

Score Distribution

Percentile by Number Answered

Percent of People with Each Score

Your Score History

You have not taken this quiz